[Event "BIH-ch 12th"]
[Site "Lukavac"]
[Date "2018.12.16"]
[Round "7"]
[White "Mahmutovic, Edin"]
[Black "Huremovic, Elmedin"]
[Result "1-0"]
[WhiteElo "1579"]
[BlackElo "1825"]
[PlyCount "123"]
[EventDate "2018.12.13"]
[EventType "swiss"]
[EventRounds "7"]
[EventCountry "BIH"]
[SourceTitle "CBM 187 Extra"]
[Source "ChessBase"]
[SourceDate "2018.11.04"]
[SourceVersion "1"]
[SourceVersionDate "2018.11.04"]
[SourceQuality "1"]

1. f4 e5 2. fxe5 d6 3. exd6 Bxd6 4. Nf3 Nf6 5. g3 b6 6. Bg2 Bb7 7. 0-0 Nbd7 8. d3 h5 9. Bg5 Qe7 10. e4 0-0-0 11. Nh4 Bc5+ 12. Kh1 Qe5 13. Bc1 Ng4 14. c3 Nf2+ 15. Rxf2 Bxf2 16. Qf1 Bc5 17. d4 Bxd4 18. cxd4 Qxd4 19. Nc3 Nf6 20. Nf5 Qd3 21. Bg5 Qxf1+ 22. Rxf1 Rd3 23. Bxf6 gxf6 24. Ne7+ Kd7 25. Ned5 Bxd5 26. exd5 h4 27. gxh4 Rxh4 28. Rxf6 Rd2 29. Rxf7+ Kd8 30. Rf8+ Ke7 31. Rf3 Rxb2 32. Re3+ Kd8 33. a4 Rc2 34. h3 a6 35. Kh2 Rc4 36. Ne4 Rxa4 37. Nf6 Kc8 38. Re8+ Kb7 39. d6+ Rxg2+ 40. Kxg2 cxd6 41. Kg3 b5 42. h4 b4 43. Re7+ Kc6 44. Re1 Ra3+ 45. Kg4 Ra2 46. Rc1+ Kb5 47. Ne4 d5 48. Ng3 Rf2 49. Nf5 a5 50. Nd4+ Kb6 51. Rc6+ Kb7 52. Rc5 Rd2 53. Nb3 Rd3 54. Nc1 Rd4+ 55. Kg5 Kb6 56. Rc8 Kb7 57. Rc5 Kb6 58. Rc8 a4 59. h5 Rd1 60. Na2 b3 61. Nc3 Kb7 62. Nxd1 1-0

[Event "Lukavac op 5th"]
[Site "Lukavac"]
[Date "2016.11.25"]
[Round "2"]
[White "Aleksic, Neven"]
[Black "Huremovic, Elmedin"]
[Result "1/2-1/2"]
[WhiteElo "2131"]
[BlackElo "1899"]
[PlyCount "134"]
[EventDate "2016.11.24"]
[EventType "swiss"]
[EventRounds "7"]
[EventCountry "BIH"]
[SourceTitle "EXT 2019"]
[Source "ChessBase"]
[SourceDate "2018.10.10"]
[SourceVersion "1"]
[SourceVersionDate "2018.10.10"]
[SourceQuality "1"]

1. d4 d5 2. c4 c6 3. cxd5 cxd5 4. Nc3 Nf6 5. Bf4 a6 6. e3 e6 7. Bd3 Bd6 8. Bxd6 Qxd6 9. f4 Nc6 10. Nf3 Ng4 11. Qe2 Nb4 12. Bb1 Bd7 13. a3 Nc6 14. 0-0 f5 15. h3 Nf6 16. Ne5 0-0 17. Bd3 Ne4 18. Bxe4 fxe4 19. Nxc6 Bxc6 20. Rac1 Rac8 21. Kh1 Qe7 22. Qg4 Bd7 23. Qg5 Qf6 24. Qxf6 gxf6 25. Ne2 Bb5 26. Rxc8 Rxc8 27. Rc1 Bc6 28. g4 Kf7 29. Kh2 Rg8 30. b4 Ke7 31. Rc2 Ra8 32. Nc1 Kd6 33. Rc3 a5 34. bxa5 Rxa5 35. Kg3 e5 36. dxe5+ fxe5 37. fxe5+ Kxe5 38. Ne2 Ra8 39. Nd4 Ra4 40. h4 Rxd4 41. exd4+ Kxd4 42. Rc1 Ke3 43. h5 d4 44. g5 d3 45. g6 h6 46. g7 Bd5 47. Re1+ Kd4 48. Kf4 d2 49. Rxe4+ Bxe4 50. g8Q d1Q 51. Qg7+ Kc5 52. Qe7+ Kb6 53. Qxe4 Qxh5 54. Qe6+ Ka7 55. Qe3+ Kb8 56. Qe7 Qh2+ 57. Kf3 Qh3+ 58. Kf4 Qf1+ 59. Kg4 Qg2+ 60. Kh5 Qg5+ 61. Qxg5 hxg5 62. Kxg5 Ka7 63. Kf5 Ka6 64. Ke5 Ka5 65. Kd5 b6 66. Kc6 b5 67. Kc5 Ka4 1/2-1/2

[Event "Lukavac op 5th"]
[Site "Lukavac"]
[Date "2016.11.25"]
[Round "3"]
[White "Huremovic, Elmedin"]
[Black "Buljubasic, Sabahudin"]
[Result "0-1"]
[WhiteElo "1899"]
[BlackElo "2361"]
[PlyCount "52"]
[EventDate "2016.11.24"]
[EventType "swiss"]
[EventRounds "7"]
[EventCountry "BIH"]
[SourceTitle "EXT 2019"]
[Source "ChessBase"]
[SourceDate "2018.10.10"]
[SourceVersion "1"]
[SourceVersionDate "2018.10.10"]
[SourceQuality "1"]

1. e4 c5 2. Nf3 e6 3. d4 cxd4 4. Nxd4 a6 5. Nc3 Qc7 6. g3 Nf6 7. Bg2 d6 8. 0-0 Nbd7 9. Be3 Be7 10. Qd2 Ne5 11. Nce2 0-0 12. b3 b5 13. f4 Nfg4 14. fxe5 dxe5 15. Nxb5 axb5 16. Kh1 Rd8 17. Bd4 exd4 18. Rf4 e5 19. Rf3 Ne3 20. c3 Bg4 21. Rf2 Nxg2 22. Kxg2 Bxe2 23. Qxe2 dxc3 24. Qxb5 Rd2 25. Rxd2 cxd2 26. Qe2 Qc1 0-1